[Event "32nd ECC Open 2016"]
[Site "Novi Sad SRB"]
[Date "2016.11.10"]
[Round "5.25"]
[Board "6"]
[White "Vozinaki, Anthi - Maria"]
[Black "Berntsen-Oybo, August"]
[Result "1/2-1/2"]
[WhiteElo "1870"]
[BlackElo "1974"]
[WhiteTeam "Chania Chess Academy"]
[BlackTeam "Sjakklubben AV 1911"]
[WhiteFideId "4263898"]
[BlackFideId "1520555"]
[EventDate "2016.11.06"]

1. e4 c5 2. Nf3 d6 3. d4 cxd4 4. Qxd4 Nc6 5. Bb5 Bd7 6. Bxc6 bxc6 7. Nc3 e5 8.
Qd3 Qc7 9. Be3 Nf6 10. O-O h6 11. h3 Be7 12. Nd2 g5 13. Rad1 Be6 14. Nb3 Nh5 15.
Ne2 Nf4 16. Nxf4 gxf4 17. Bd2 O-O 18. c4 Kh8 19. Bb4 c5 20. Bc3 Rg8 21. Nc1 Raf8
22. Ne2 Kh7 23. Nxf4 exf4 24. e5+ Rg6 25. exd6 Bxd6 26. Qxd6 Qxd6 27. Rxd6 Bxc4
28. Rfd1 Bxa2 29. Rxg6 fxg6 30. Rd7+ Bf7 1/2-1/2

[Event "32nd ECC Open 2016"]
[Site "Novi Sad SRB"]
[Date "2016.11.10"]
[Round "5.26"]
[Board "1"]
[White "Svane, Rasmus"]
[Black "Klein, David"]
[Result "1-0"]
[WhiteTitle "GM"]
[BlackTitle "GM"]
[WhiteElo "2546"]
[BlackElo "2513"]
[WhiteTeam "Nordea Skanderborg"]
[BlackTeam "Kennemer Combinatie"]
[WhiteFideId "4657101"]
[BlackFideId "1003623"]
[EventDate "2016.11.06"]

1. d4 Nf6 2. c4 e6 3. Nc3 d5 4. Nf3 Nbd7 5. Qc2 Be7 6. cxd5 exd5 7. Bf4 c6 8. h3
Nb6 9. e3 Bd6 10. Ne5 Qe7 11. Bd3 Nfd7 12. Nxd7 Bxf4 13. Nxb6 axb6 14. O-O Bc7
15. Rac1 Be6 16. Rfe1 Qd6 17. g3 O-O-O 18. e4 dxe4 19. Bxe4 Qxd4 20. Nb5 Qc5 21.
Qa4 Qxb5 22. Qa8+ Kd7 23. Qxb7 Ke7 24. Bxc6 Qxb2 25. Qxc7+ Kf6 26. Qf4+ Ke7 27.
Qc7+ Kf6 28. Qf4+ Ke7 29. Rb1 Qd4 30. Qc7+ Kf6 31. Re4 Qc5 32. Rf4+ Kg6 33. Be4+
Kg5 34. Rb5 Rd1+ 35. Kh2 Qxb5 36. Qe7+ Kh6 37. Rh4+ Qh5 38. Rxh5+ Kxh5 39. Qh4# 1-0

[Event "32nd ECC Open 2016"]
[Site "Novi Sad SRB"]
[Date "2016.11.10"]
[Round "5.26"]
[Board "2"]
[White "Ducarmon, Quinten"]
[Black "Semcesen, Daniel"]
[Result "1/2-1/2"]
[WhiteTitle "IM"]
[BlackTitle "GM"]
[WhiteElo "2457"]
[BlackElo "2469"]
[WhiteTeam "Kennemer Combinatie"]
[BlackTeam "Nordea Skanderborg"]
[WhiteFideId "1025007"]
[BlackFideId "1706993"]
[EventDate "2016.11.06"]

1. e4 e5 2. Nf3 Nc6 3. d4 exd4 4. Nxd4 Bb4+ 5. c3 Bc5 6. Nxc6 bxc6 7. Bd3 d6 8.
O-O Nf6 9. Nd2 O-O 10. h3 Re8 11. Re1 Nd7 12. Nf3 h6 13. Qa4 Nb6 14. Qc2 Nd7 15.
Qa4 Nb6 16. Qc2 Nd7 17. Qa4 Nb6 18. Qc2 Nd7 19. Qa4 1/2-1/2

[Event "32nd ECC Open 2016"]
[Site "Novi Sad SRB"]
[Date "2016.11.10"]
[Round "5.26"]
[Board "3"]
[White "Pedersen, Nicolai Vesterbaek"]
[Black "Dek, Lennart"]
[Result "1-0"]
[WhiteTitle "IM"]
[WhiteElo "2377"]
[BlackElo "2278"]
[WhiteTeam "Nordea Skanderborg"]
[BlackTeam "Kennemer Combinatie"]
[WhiteFideId "1402340"]
[BlackFideId "1013114"]
[EventDate "2016.11.06"]

1. e4 c5 2. c3 Nf6 3. e5 Nd5 4. d4 cxd4 5. Nf3 e6 6. cxd4 d6 7. Bc4 Be7 8. O-O
Nc6 9. Bd2 O-O 10. Nc3 dxe5 11. dxe5 Nb6 12. Be2 Nd4 13. Be3 Nxe2+ 14. Qxe2 Nd5
15. Nxd5 Qxd5 16. Rfd1 Qa5 17. Bd2 Qa4 18. b3 Qa3 19. Qe4 Rb8 20. Ng5 Bxg5 21.
Bxg5 b6 22. Qg4 Re8 23. b4 f5 24. exf6 e5 25. f7+ Kxf7 26. Qh5+ Kf8 27. Be7+
Kxe7 28. Qxe5+ Be6 29. Qxg7+ Bf7 30. Re1+ Kd6 31. Qxf7 Rxe1+ 32. Rxe1 Kc6 33.
Qc4+ Kd7 34. Qd5+ Kc8 35. Qc6+ Kd8 36. Re8# 1-0

[Event "32nd ECC Open 2016"]
[Site "Novi Sad SRB"]
[Date "2016.11.10"]
[Round "5.26"]
[Board "4"]
[White "Duijn, Rob"]
[Black "Grove, Peter"]
[Result "1/2-1/2"]
[WhiteElo "2218"]
[BlackElo "2170"]
[WhiteTeam "Kennemer Combinatie"]
[BlackTeam "Nordea Skanderborg"]
[WhiteFideId "1014501"]
[BlackFideId "1411101"]
[EventDate "2016.11.06"]

1. d4 e6 2. Nf3 d5 3. Bg5 Nf6 4. e3 h6 5. Bh4 Be7 6. Nbd2 c6 7. c4 Nbd7 8. Bd3
O-O 9. O-O Re8 10. Rc1 c5 11. dxc5 Nxc5 12. Bb1 Nfe4 13. Bxe7 Qxe7 14. b4 Na6
15. a3 Nf6 16. Ne5 Nb8 17. Qc2 Nbd7 18. Ndf3 Nf8 19. Rfd1 Bd7 20. cxd5 exd5 21.
Nxd7 Qxd7 22. Ba2 Rac8 23. Qd3 Ng6 24. Nd4 Nh4 25. h3 Ne4 26. Bb3 Re5 27. f4
Ree8 28. Ne2 Rxc1 29. Rxc1 Nf6 30. Nd4 Qe7 31. g3 Qd7 32. Kh2 Ng6 33. Nf5 Ne7
34. Nd4 Ng6 35. Bd1 Ne7 36. Bf3 Nc6 37. Nb3 Qe6 38. Re1 Ne4 39. g4 Qf6 40. Re2
Qh4 41. Bxe4 dxe4 42. Qc4 Qd8 43. Rd2 Qh4 44. b5 Nd8 45. Nc5 Qe1 46. Re2 Qa1 47.
Qb3 Qf1 48. Rg2 b6 49. Nd7 Ne6 50. Ne5 Re7 51. Qc2 Nc5 52. Qc4 Qxc4 53. Nxc4 Rd7
54. Rd2 Rd3 55. Rxd3 exd3 56. Kg2 Ne4 57. Kf1 Kf8 58. Ke1 Ke7 59. Ne5 f6 60.
Nxd3 Nc3 61. a4 Nxa4 62. Kd2 Kd6 63. e4 Nc5 64. e5+ fxe5 65. Nxe5 Ne6 66. Ke3
Nc7 67. Ke4 Nxb5 68. Kf5 Ke7 69. h4 Kf8 70. g5 Nd4+ 71. Kg6 hxg5 72. fxg5 b5 73.
h5 Ne6 74. h6 Nf4+ 75. Kf5 gxh6 76. gxh6 Nd5 77. Ke6 Ne7 78. Nd7+ Kg8 79. Nf6+
Kf8 80. Nh7+ Kg8 81. Ng5 Ng6 82. Kd5 b4 83. Kc4 a5 84. Ne4 Kh7 85. Kb5 Kxh6 86.
Kxa5 b3 87. Nd2 Ne5 88. Nxb3 1/2-1/2

[Event "32nd ECC Open 2016"]
[Site "Novi Sad SRB"]
[Date "2016.11.10"]
[Round "5.26"]
[Board "5"]
[White "Munk, Kai"]
[Black "In t Veld, Daan"]
[Result "0-1"]
[WhiteElo "2039"]
[BlackElo "2218"]
[WhiteTeam "Nordea Skanderborg"]
[BlackTeam "Kennemer Combinatie"]
[WhiteFideId "1406949"]
[BlackFideId "1016270"]
[EventDate "2016.11.06"]

1. d4 f5 2. Nf3 Nf6 3. c4 d6 4. Nc3 g6 5. h3 Bg7 6. Bf4 Nc6 7. e3 O-O 8. Rc1 Ne4
9. d5 Nxc3 10. bxc3 Na5 11. Nd4 Bd7 12. Be2 c6 13. O-O Rc8 14. Bg5 Qe8 15. Bf4
Qf7 16. Nb3 Nxb3 17. Qxb3 b6 18. Bf3 e5 19. dxe6 Bxe6 20. Be2 Be5 21. Qa4 Bxf4
22. exf4 d5 23. cxd5 Bxd5 24. c4 Be6 25. Rfd1 c5 26. Rd6 Rcd8 27. Rcd1 Rxd6 28.
Rxd6 Qe7 29. Qd1 Re8 30. Qd3 Kf8 31. Qd2 Bf7 32. Bf1 Kg8 33. f3 Qe1 34. Qc2 Qe3+
35. Qf2 Qc1 36. Qd2 Qxd2 37. Rxd2 Re1 38. Rc2 Kf8 39. Kf2 Ra1 40. Bd3 Ke7 41.
Ke2 Kd6 42. Kd2 b5 43. Kc3 bxc4 44. Bxc4 Bxc4 45. Kxc4 Kc6 46. Kc3 a5 47. Re2
Rc1+ 48. Kb2 Rg1 49. Kc3 a4 50. Rd2 Rc1+ 51. Kb2 Re1 52. Kc3 h5 53. a3 Re3+ 54.
Kb2 h4 55. Rd8 Re2+ 56. Kc3 Rxg2 57. Rg8 Rg1 58. Rc8+ Kd6 59. Rg8 Rc1+ 60. Kb2
Rc4 61. Rxg6+ Kd5 62. Rg8 Rxf4 63. Rd8+ Kc4 64. Ra8 Kd3 65. Rd8+ Ke3 66. Rc8
Kxf3 67. Rxc5 Kg2 68. Rc3 Rf2+ 69. Kc1 Rf3 70. Rc4 Kxh3 71. Rxa4 Kg3 72. Ra8 Rf4
73. a4 h3 0-1

[Event "32nd ECC Open 2016"]
[Site "Novi Sad SRB"]
[Date "2016.11.10"]
[Round "5.26"]
[Board "6"]
[White "Duijn, Richard"]
[Black "Norgaard, Poul"]
[Result "1-0"]
[WhiteTitle "FM"]
[WhiteElo "2203"]
[BlackElo "1839"]
[WhiteTeam "Kennemer Combinatie"]
[BlackTeam "Nordea Skanderborg"]
[WhiteFideId "1003771"]
[BlackFideId "1449885"]
[EventDate "2016.11.06"]

1. e4 Nc6 2. Nf3 f5 3. exf5 d5 4. Bb5 Bxf5 5. Ne5 Qd6 6. d4 e6 7. c3 Ne7 8. Bf4
Qd8 9. Bg5 Qd6 10. Qa4 Rb8 11. Qxa7 Nc8 12. Qxb8 1-0

[Event "32nd ECC Open 2016"]
[Site "Novi Sad SRB"]
[Date "2016.11.10"]
[Round "5.27"]
[Board "1"]
[White "Villegas, Pierre"]
[Black "Murray, David"]
[Result "1-0"]
[WhiteTitle "FM"]
[WhiteElo "2344"]
[BlackElo "2139"]
[WhiteTeam "Cercle d'Echecs Monte-Carlo"]
[BlackTeam "Gonzaga"]
[WhiteFideId "654183"]
[BlackFideId "2501511"]
[EventDate "2016.11.06"]

1. d4 Nf6 2. c4 e6 3. Nc3 Bb4 4. e3 c5 5. Ne2 cxd4 6. exd4 d5 7. a3 Bxc3+ 8.
Nxc3 dxc4 9. Bxc4 Nc6 10. Be3 O-O 11. O-O h6 12. Rc1 Ne7 13. Qf3 Bd7 14. Qxb7
Rb8 15. Qxa7 Rxb2 16. Rb1 Nc6 17. Qc5 Rxb1 18. Rxb1 Qa8 19. Be2 Rb8 20. Rxb8+
Qxb8 21. Bf3 Qf8 22. Bf4 Qxc5 23. dxc5 Kf8 24. Kf1 Ke8 25. Nb5 Ke7 26. Bd6+ Kd8
27. Bc7+ Ke7 28. a4 Nd5 29. Bd6+ Kd8 30. Bf8 g6 31. Bxh6 Ne5 32. Be2 Bc6 33. a5
Nd7 34. Bg5+ f6 35. Na7 Ba8 36. Bc1 Nxc5 37. Be3 1-0

[Event "32nd ECC Open 2016"]
[Site "Novi Sad SRB"]
[Date "2016.11.10"]
[Round "5.27"]
[Board "2"]
[White "Delaney, Killian"]
[Black "Ribbegren, Karl Johan"]
[Result "0-1"]
[WhiteElo "2227"]
[BlackElo "2248"]
[WhiteTeam "Gonzaga"]
[BlackTeam "Cercle d'Echecs Monte-Carlo"]
[WhiteFideId "2501570"]
[BlackFideId "5400040"]
[EventDate "2016.11.06"]

1. e4 Nf6 2. e5 Nd5 3. d4 Nb6 4. a4 a5 5. Nf3 d5 6. Bd3 Bg4 7. h3 Bxf3 8. Qxf3
e6 9. Qg3 c5 10. dxc5 N6d7 11. Nc3 Nxc5 12. O-O Nc6 13. Nb5 Qd7 14. Re1 Nxd3 15.
cxd3 Bb4 16. Qxg7 O-O-O 17. Nd6+ Kb8 18. Bg5 Rdg8 19. Qf6 Rg6 20. Qf4 Rhg8 21.
Bh4 f6 22. Nb5 Bxe1 23. Rxe1 Rxg2+ 24. Kh1 fxe5 25. Qf3 R2g7 26. Bg3 Rf7 27. Qe3
d4 28. Bxe5+ Ka8 29. Qd2 b6 30. Bg3 e5 31. Kh2 h5 32. Re4 Rf3 33. Qe2 Qf7 34.
Nd6 Qf6 35. Kg2 Rfxg3+ 36. fxg3 Qxd6 37. Qxh5 Rf8 38. h4 Qf6 39. Qe2 Ka7 40. Rg4
Rf7 41. Rg5 Nb4 42. Rxe5 Nxd3 43. Re4 Nc5 44. Rf4 Qc6+ 45. Kh3 Qh1+ 46. Kg4 Rg7+
47. Kf5 Qd5+ 0-1

[Event "32nd ECC Open 2016"]
[Site "Novi Sad SRB"]
[Date "2016.11.10"]
[Round "5.27"]
[Board "3"]
[White "Efimov, Igor"]
[Black "Li, Henry"]
[Result "0-1"]
[WhiteTitle "GM"]
[WhiteElo "2395"]
[BlackElo "2113"]
[WhiteTeam "Cercle d'Echecs Monte-Carlo"]
[BlackTeam "Gonzaga"]
[WhiteFideId "806404"]
[BlackFideId "2508524"]
[EventDate "2016.11.06"]

1. d4 Nf6 2. Bg5 d5 3. Nd2 c5 4. e3 Nc6 5. Ngf3 Qb6 6. Bxf6 gxf6 7. c4 cxd4 8.
cxd5 dxe3 9. fxe3 Ne5 10. Nxe5 Qxe3+ 11. Be2 fxe5 12. Nc4 Qg5 13. O-O Rg8 14.
Rf2 e6 15. dxe6 Bxe6 16. Nd6+ Bxd6 17. Qxd6 Qe7 18. Qxe5 Rd8 19. Re1 Rd5 20.
Qb8+ Rd8 21. Qxa7 Kf8 22. Bf3 b5 23. Qe3 Qg5 24. Qc3 Rc8 25. Qd4 Qc5 26. Qh4 Qg5
27. Qe4 Rc1 28. a3 Qg6 29. Qb4+ Kg7 30. Qd4+ Qf6 31. Qxf6+ Kxf6 32. Rxc1 0-1

[Event "32nd ECC Open 2016"]
[Site "Novi Sad SRB"]
[Date "2016.11.10"]
[Round "5.27"]
[Board "4"]
[White "Freeman, Gordon"]
[Black "Van Hoolandt, Patrick"]
[Result "1/2-1/2"]
[BlackTitle "FM"]
[WhiteElo "2119"]
[BlackElo "2156"]
[WhiteTeam "Gonzaga"]
[BlackTeam "Cercle d'Echecs Monte-Carlo"]
[WhiteFideId "2501309"]
[BlackFideId "200999"]
[EventDate "2016.11.06"]

1. c4 e6 2. g3 Nf6 3. Bg2 d5 4. Nf3 d4 5. e3 Nc6 6. exd4 Nxd4 7. O-O Be7 8. Nxd4
Qxd4 9. d3 O-O 10. Nc3 Rd8 11. Nb5 Qd7 12. Bf4 Ne8 13. Qb3 c6 14. Nc3 Qxd3 15.
Nd5 Rxd5 16. cxd5 Qxb3 17. axb3 exd5 18. Rfe1 Kf8 19. Ra4 Bf5 20. Be3 a6 21. Rf4
Bc2 22. Bd2 Bd6 23. Rh4 Nc7 24. Rc1 Bf5 25. Bb4 Rd8 26. Bxd6+ Rxd6 27. Rb4 Bc8
28. Rd4 Nb5 29. Rd2 Rd8 30. b4 Re8 31. Bf1 Nd6 32. Bd3 g6 33. Re2 Rxe2 34. Bxe2
Bf5 35. f3 h5 36. h4 Kg7 37. Kf2 Be6 38. Bd3 Kf6 39. Ke3 Bf5 40. Be2 Bc8 41. Bd3
Bf5 42. Bxa6 bxa6 43. Rxc6 Ke7 44. Kd4 Bc8 45. Kc5 Nb7+ 46. Kxd5 Be6+ 1/2-1/2

[Event "32nd ECC Open 2016"]
[Site "Novi Sad SRB"]
[Date "2016.11.10"]
[Round "5.27"]
[Board "5"]
[White "Nelis, Jean-Francois"]
[Black "Jackson, Carl"]
[Result "0-1"]
[WhiteElo "2158"]
[BlackElo "2108"]
[WhiteTeam "Cercle d'Echecs Monte-Carlo"]
[BlackTeam "Gonzaga"]
[WhiteFideId "623830"]
[BlackFideId "2502585"]
[EventDate "2016.11.06"]

1. e4 d5 2. exd5 Nf6 3. Bb5+ Bd7 4. Be2 c6 5. dxc6 Nxc6 6. d4 e5 7. Nf3 e4 8.
Nfd2 Qc7 9. Nc4 b5 10. Ne3 Bd6 11. h3 a6 12. a4 Rb8 13. axb5 axb5 14. Na3 Ne7
15. c4 bxc4 16. Naxc4 O-O 17. Bd2 Bb5 18. b3 Ned5 19. Ra5 Nxe3 20. fxe3 Bg3+ 21.
Kf1 Nd5 22. Ra1 f5 23. Kg1 f4 24. exf4 e3 25. Nxe3 Qxf4 26. Ng4 Qxd4+ 27. Be3
Qxd1+ 0-1

[Event "32nd ECC Open 2016"]
[Site "Novi Sad SRB"]
[Date "2016.11.10"]
[Round "5.27"]
[Board "6"]
[White "Byrne, Ray"]
[Black "Rapaire, Jean-michel"]
[Result "1-0"]
[WhiteElo "1962"]
[BlackElo "1779"]
[WhiteTeam "Gonzaga"]
[BlackTeam "Cercle d'Echecs Monte-Carlo"]
[WhiteFideId "2500922"]
[BlackFideId "5400023"]
[EventDate "2016.11.06"]

1. d4 d6 2. Nf3 Nd7 3. c4 e5 4. e3 exd4 5. exd4 Ngf6 6. Nc3 Be7 7. Bd3 O-O 8.
O-O Re8 9. Re1 Nf8 10. h3 h6 11. Qc2 N6h7 12. Nd5 c6 13. Nxe7+ Rxe7 14. Bf4 Nf6
15. Rxe7 Qxe7 16. Re1 Qd8 17. Qe2 Be6 18. b3 d5 19. c5 N8d7 20. Bg3 Qa5 21. Qc2
Re8 22. Re3 Qd8 23. Qe2 Nh7 24. Bd6 Ng5 25. Nxg5 Qxg5 26. Kh2 Rc8 27. Rxe6 fxe6
28. Qxe6+ Kh8 29. Qxd7 Rd8 30. Qe6 Ra8 31. Qg6 Qxg6 32. Bxg6 b6 33. b4 bxc5 34.
Bxc5 a5 35. Kg3 a4 36. a3 1-0

[Event "32nd ECC Open 2016"]
[Site "Novi Sad SRB"]
[Date "2016.11.10"]
[Round "5.28"]
[Board "1"]
[White "Adair, James R"]
[Black "Sreeves, Clement"]
[Result "1-0"]
[WhiteTitle "IM"]
[BlackTitle "FM"]
[WhiteElo "2488"]
[BlackElo "2356"]
[WhiteTeam "White Rose"]
[BlackTeam "Edinburgh Chess Club"]
[WhiteFideId "406252"]
[BlackFideId "2402564"]
[EventDate "2016.11.06"]

1. e4 e5 2. Nf3 Nc6 3. Bb5 a6 4. Ba4 Nf6 5. O-O Be7 6. Re1 b5 7. Bb3 O-O 8. a4
b4 9. d4 d6 10. dxe5 dxe5 11. Nbd2 Bc5 12. a5 h6 13. h3 Bb7 14. Bc4 Re8 15. c3
Qd7 16. Qc2 g5 17. Nf1 Nh5 18. Ne3 Bxe3 19. Bxe3 Qe7 20. cxb4 Nxb4 21. Qb3 c5
22. Nxe5 Qxe5 23. Bxf7+ Kh8 24. Bxh5 Re7 25. Rac1 Rc8 26. f3 Rd7 27. Red1 Rxd1+
28. Rxd1 Bc6 29. Bd2 Qe7 30. Bc3+ Kh7 31. Rd6 Be8 32. Re6 Qd7 33. Bg4 Bf7 34.
Bf5+ Kg8 35. Rg6+ 1-0

[Event "32nd ECC Open 2016"]
[Site "Novi Sad SRB"]
[Date "2016.11.10"]
[Round "5.28"]
[Board "2"]
[White "Berry, Neil"]
[Black "Brown, Martin"]
[Result "1/2-1/2"]
[WhiteTitle "FM"]
[BlackTitle "FM"]
[WhiteElo "2299"]
[BlackElo "2302"]
[WhiteTeam "Edinburgh Chess Club"]
[BlackTeam "White Rose"]
[WhiteFideId "2400650"]
[BlackFideId "401480"]
[EventDate "2016.11.06"]

1. d4 Nf6 2. c4 e6 3. Nc3 Bb4 4. e3 O-O 5. Ne2 d5 6. a3 Be7 7. cxd5 exd5 8. Nf4
c6 9. Bd3 a5 10. O-O Na6 11. Qc2 Nc7 12. f3 Ne6 13. Nfe2 g6 14. Bd2 c5 15. dxc5
Bxc5 16. Nb5 Qb6 17. Nbd4 Bxd4 18. Nxd4 Nxd4 19. exd4 Qxd4+ 20. Kh1 Qb6 21. b4
a4 22. Rac1 d4 23. Qb2 Nd5 24. Rc5 Ne3 25. Qxd4 Nf5 26. Bxf5 Rd8 27. Bd7 Bxd7
28. Bg5 Bb5 29. Bxd8 Rxd8 30. Qf2 Bxf1 31. Qxf1 Rd2 32. Rc8+ Kg7 33. Qa1+ Qf6
34. Qxf6+ Kxf6 35. Kg1 Rd3 36. Rc7 Rxa3 37. Rxb7 Ra1+ 38. Kf2 a3 39. Ra7 Ke5 40.
b5 a2 41. b6 Kd6 42. b7 Kc7 43. h4 Kb8 44. Ra4 Kxb7 45. Kg3 Kc6 46. Kf4 f6 47.
Kg3 h6 48. f4 Kd5 49. Ra5+ Ke4 50. Ra4+ Ke3 51. Ra3+ Ke2 52. Ra5 Kf1 53. Kh2 Kf2
54. Ra3 h5 55. Rf3+ Ke2 56. Ra3 Kd2 57. Kg3 Kc2 58. Ra8 Kb3 59. Rb8+ Kc3 60.
Rc8+ Kd3 61. Ra8 Ke3 62. Ra3+ Ke2 63. Ra5 Kf1 64. Kh2 Kf2 65. Ra3 Ke2 66. Kg3
Kd1 1/2-1/2

[Event "32nd ECC Open 2016"]
[Site "Novi Sad SRB"]
[Date "2016.11.10"]
[Round "5.28"]
[Board "3"]
[White "Townsend, M Paul"]
[Black "Mcgowan, Daniel"]
[Result "1/2-1/2"]
[WhiteElo "2231"]
[BlackElo "2156"]
[WhiteTeam "White Rose"]
[BlackTeam "Edinburgh Chess Club"]
[WhiteFideId "402320"]
[BlackFideId "2401479"]
[EventDate "2016.11.06"]

1. d4 e6 2. c4 Nf6 3. g3 d5 4. Nf3 Be7 5. Bg2 O-O 6. O-O c6 7. Qc2 b6 8. Rd1 Bb7
9. Nc3 Nbd7 10. cxd5 cxd5 11. Ne5 Rc8 12. Bf4 b5 13. a3 Nb6 14. Qb3 a6 15. Rac1
Bd6 16. Nd3 Bxf4 17. Nxf4 Qd6 18. Nd3 Nfd7 19. Qb4 Qb8 20. b3 Rc7 21. Na2 Rfc8
22. Rxc7 Rxc7 23. Rc1 Rxc1+ 24. Naxc1 Qc7 25. Nc5 Nxc5 26. Qxc5 Qxc5 27. dxc5
Nd7 28. Nd3 Kf8 29. f4 Ke7 30. Kf2 Nb8 1/2-1/2

[Event "32nd ECC Open 2016"]
[Site "Novi Sad SRB"]
[Date "2016.11.10"]
[Round "5.28"]
[Board "4"]
[White "Kafka, Graeme"]
[Black "Barrett, Stephen J"]
[Result "1-0"]
[WhiteElo "2061"]
[BlackElo "2181"]
[WhiteTeam "Edinburgh Chess Club"]
[BlackTeam "White Rose"]
[WhiteFideId "2401487"]
[BlackFideId "408727"]
[EventDate "2016.11.06"]

1. e4 c5 2. Nf3 e6 3. d4 cxd4 4. Nxd4 Nf6 5. Nc3 d6 6. Be2 Be7 7. Be3 Nc6 8. O-O
O-O 9. f4 Bd7 10. Kh1 Nxd4 11. Bxd4 Bc6 12. Bd3 Nd7 13. Qe1 e5 14. Be3 exf4 15.
Bxf4 Ne5 16. Bxe5 dxe5 17. Bc4 Bb4 18. Rd1 Qa5 19. Rf3 Bxc3 20. Rxc3 Rad8 21.
Rxd8 Rxd8 22. Qf1 Rd7 23. Rd3 Rxd3 24. Qxf7+ 1-0

[Event "32nd ECC Open 2016"]
[Site "Novi Sad SRB"]
[Date "2016.11.10"]
[Round "5.28"]
[Board "5"]
[White "O'driscoll, Kieran"]
[Black "White, Alastair F"]
[Result "1/2-1/2"]
[WhiteElo "2109"]
[BlackElo "2078"]
[WhiteTeam "White Rose"]
[BlackTeam "Edinburgh Chess Club"]
[WhiteFideId "2501899"]
[BlackFideId "2402041"]
[EventDate "2016.11.06"]

1. d4 d6 2. Nf3 g6 3. c4 Bg7 4. Nc3 Nc6 5. e4 e5 6. d5 Nce7 7. Bd3 f5 8. Qc2 Nf6
9. Bd2 O-O 10. O-O-O fxe4 11. Nxe4 Nxe4 12. Bxe4 Nf5 13. Bg5 Qe8 14. Rhe1 Qf7
15. Kb1 Nd4 16. Nxd4 exd4 17. f3 Bf5 18. Bxf5 Qxf5 19. Qxf5 Rxf5 20. Bh4 g5 21.
Bg3 b5 22. Re7 bxc4 23. Rxc7 c3 24. bxc3 Rb8+ 25. Kc1 Rxd5 26. cxd4 Bxd4 27. Rc4
Be3+ 28. Kc2 Rxd1 29. Kxd1 Rb2 30. Rc2 Rb1+ 31. Ke2 Bc5 32. Kd3 Kf7 33. Kc4 Ke6
34. Re2+ Kd7 35. f4 gxf4 36. Bf2 Kc6 37. Bxc5 Rc1+ 38. Kd3 Rxc5 39. Rf2 Ra5 40.
Ke4 Ra4+ 41. Kf5 Kd5 42. Rd2+ Kc5 43. Rc2+ Rc4 44. Rxc4+ Kxc4 45. Kxf4 d5 46.
Ke3 Kc3 47. Ke2 d4 48. Kd1 Kd3 49. g4 Ke3 50. g5 Kf4 51. Kd2 Kxg5 52. Kd3 Kh4
53. Kxd4 Kh3 54. Ke3 Kxh2 55. Kf2 a5 56. a4 h6 57. Kf3 Kg1 58. Kg4 Kf2 59. Kh5
Ke3 60. Kxh6 Kd4 61. Kg5 Kc4 62. Kf4 Kb4 63. Ke3 Kxa4 64. Kd2 Kb3 65. Kc1 Ka2
66. Kc2 a4 67. Kc3 a3 68. Kc2 1/2-1/2

[Event "32nd ECC Open 2016"]
[Site "Novi Sad SRB"]
[Date "2016.11.10"]
[Round "5.28"]
[Board "6"]
[White "Antunes, Andre"]
[Black "Sucikova, Svetlana"]
[Result "0-1"]
[BlackTitle "WFM"]
[WhiteElo "1987"]
[BlackElo "2076"]
[WhiteTeam "Edinburgh Chess Club"]
[BlackTeam "White Rose"]
[WhiteFideId "1903292"]
[BlackFideId "14923653"]
[EventDate "2016.11.06"]

1. d4 d5 2. c4 e6 3. Nc3 c6 4. Nf3 Nf6 5. Bg5 Nbd7 6. e3 Bd6 7. Qc2 O-O 8. Rd1
Qa5 9. Nd2 Bb8 10. Nb3 Qc7 11. Bf4 Qd8 12. Bxb8 Rxb8 13. Bd3 Qe7 14. O-O dxc4
15. Bxc4 e5 16. Ne4 exd4 17. Rxd4 Ne5 18. Nxf6+ Qxf6 19. Rf4 Qg5 20. h4 Qe7 21.
Qe4 Qc7 22. Be2 Ng6 23. Rf3 Be6 24. Rg3 Rfe8 25. Qb4 Bd5 26. Rd1 Re4 27. Rd4
Rbe8 28. Bf3 Rxe3 29. Bxd5 Re1+ 30. Kh2 cxd5 31. Rxd5 R1e4 32. Rd4 Qf4 33. h5
Ne5 34. Rxe4 Ng4+ 35. Kh1 Nxf2+ 36. Kg1 Nxe4 37. Rf3 Qc7 38. Re3 Nf6 39. Rxe8+
Nxe8 40. Qg4 Nf6 41. Qf5 h6 42. Nc5 Qc6 43. Nd3 Qc2 44. Qf3 Nxh5 45. a3 Nf6 46.
b4 Qc3 47. Qf5 Qd4+ 48. Kh1 Qd7 49. Qf3 Qd5 50. Qe3 Ng4 51. Qe8+ Kh7 52. Ne1 Qe5
53. Qxe5 Nxe5 54. Nc2 Nc4 55. Kg1 Kg6 56. Kf2 Kf6 57. Ke2 Ke5 58. Kd3 Kd5 59.
Nd4 Nxa3 60. Nf5 g6 61. Nxh6 Ke6 62. Ng4 Nb5 63. Nf2 Nd6 64. Kd4 Nf5+ 65. Ke4
Nh4 66. g3 Nf5 67. g4 Ne7 68. Nd3 f5+ 69. gxf5+ gxf5+ 70. Kd4 Kd6 71. Nf4 Nc6+
72. Kc4 b6 73. Kb5 Nb8 74. Kc4 Ke5 75. Ng6+ Ke4 76. b5 f4 77. Kc3 Ke3 78. Ne5 f3
79. Ng4+ Ke2 80. Kd4 f2 81. Nh2 f1=Q 82. Nxf1 Kxf1 83. Kd5 Ke2 84. Kd6 Kd3 85.
Kc7 Kc4 0-1

[Event "32nd ECC Open 2016"]
[Site "Novi Sad SRB"]
[Date "2016.11.10"]
[Round "5.29"]
[Board "1"]
[White "Moran, Stephen"]
[Black "Petrov, Nikita"]
[Result "0-1"]
[BlackTitle "IM"]
[WhiteElo "2180"]
[BlackElo "2509"]
[WhiteTeam "Trinity College Dublin"]
[BlackTeam "Club d'Echecs de Geneve"]
[WhiteFideId "2501872"]
[BlackFideId "4101286"]
[EventDate "2016.11.06"]

1. d4 Nf6 2. c4 e6 3. Nc3 Bb4 4. e3 O-O 5. Ne2 Re8 6. a3 Bf8 7. Nf4 d6 8. Be2 e5
9. dxe5 dxe5 10. Qxd8 Rxd8 11. Nfd5 Ne8 12. e4 c6 13. Ne3 Nc7 14. O-O Ne6 15. b4
a5 16. b5 Nd4 17. Bd1 Be6 18. Rb1 Nd7 19. g3 Nc5 20. f4 Bh3 21. Ng2 Nd3 22. fxe5
Nxc1 23. Rxc1 Bxa3 24. Rb1 Bb4 25. Ne2 Be6 26. bxc6 bxc6 27. Nef4 Bxc4 28. Rf2
Nb5 29. Rc1 Bc5 0-1

[Event "32nd ECC Open 2016"]
[Site "Novi Sad SRB"]
[Date "2016.11.10"]
[Round "5.29"]
[Board "2"]
[White "Vuilleumier, Alexandre"]
[Black "Bourached, Anthony"]
[Result "1-0"]
[WhiteTitle "IM"]
[WhiteElo "2350"]
[BlackElo "1941"]
[WhiteTeam "Club d'Echecs de Geneve"]
[BlackTeam "Trinity College Dublin"]
[WhiteFideId "1305662"]
[BlackFideId "2504456"]
[EventDate "2016.11.06"]

1. e4 c5 2. Nf3 d6 3. d4 cxd4 4. Nxd4 Nf6 5. Nc3 g6 6. Be3 Bg7 7. Be2 Nc6 8. Qd2
O-O 9. O-O-O Be6 10. Nxe6 fxe6 11. h4 Qa5 12. Bc4 Nd8 13. f3 Rc8 14. Bb3 Rxc3
15. Qxc3 Qxc3 16. bxc3 b6 17. Rd4 Nd7 18. Ra4 a5 19. h5 Kf7 20. hxg6+ hxg6 21.
Rh7 Rh8 22. Rxh8 Bxh8 23. Bd4 Be5 24. Bxe5 dxe5 25. Rc4 Nc5 26. Rxc5 bxc5 27.
Bc4 Nb7 28. Kb2 Nd6 29. Ba6 Kf6 30. Ka3 Kg5 31. g3 c4 32. Ka4 Kh5 33. Kxa5 g5
34. Kb4 g4 35. fxg4+ Kxg4 36. Bxc4 Nxe4 37. a4 Nd6 38. a5 Kxg3 39. a6 Nc8 40.
Bxe6 e4 41. Bxc8 e3 42. a7 e2 43. a8=Q e1=Q 44. Bf5 Qb1+ 45. Kc4 Qb6 46. Qe4
Qa6+ 47. Kd4 Qd6+ 48. Ke3 Qh6+ 49. Kd3 Qd6+ 50. Qd4 Qa6+ 51. Kd2 Qa5 52. Qe3+
Kh2 53. Qf2+ 1-0